banner-ar

IRAN'S ECONOMY UNDER THE ISLAMIC REPUBLIC / (Record no. 14000)

MARC details
000 -الفاتح
حقل البيانات ثابتة الطول 00490nam a2200181Ia 4500
008 - عناصر البيانات ثابتة الطول - معلومات عامة
حقل البيانات ثابتة الطول 140319s9999 xx 000 0 eng d
040 ## - مصدر الفهرسة
وكالة الفهرسة الأصلية GCL /
وكالة النسخ GCL
082 04 - رقم تصنيف ديوى العشرى
رقم التصنيف 330.0955
رقم المادة A I
100 1# - المدخل الرئيسى - إسم شخصى
الإسم الشخصى AMUZEGAR, JAHANGIR
245 10 - بيان العنوان
العنوان IRAN'S ECONOMY UNDER THE ISLAMIC REPUBLIC /
بيان المسئوليه,etc AMUZEGAR, JAHANGIR
260 ## - PUBLICATION, DISTRIBUTION, ETC. (IMPRINT)
تاريخ النشر أو التوزيع 1993
300 ## - الوصف المادى
التعداد 398 P
650 04 - المدخل الاضافى بالموضوع-مصطلح موضوعى
مصطلح موضوعي ISLAM - ECONOMICS
650 04 - المدخل الاضافى بالموضوع-مصطلح موضوعى
مصطلح موضوعي ECONOMY
650 04 - المدخل الاضافى بالموضوع-مصطلح موضوعى
مصطلح موضوعي IRAN - ECONOMY
942 ## - عناصر المدخل الإضافي( كوها)
مصدر التصنيف او مخطط الترفيف Dewey Decimal Classification
Koha [default] item type كتاب
260 ## - PUBLICATION, DISTRIBUTION, ETC. (IMPRINT)
-- [S.N] :
-- I.B. TAURIS & CO LTD ،
Holdings
حالة التراجع حالة الفقد حالة تلف ليس للاعارة المكان المؤقت الموقع الحالى تاريخ الاكتساب اجمالي اﻻعارات رقم الطلب الباركود تاريخ اخر مشاهدة تاريخ تفعيل السعر نوع وعاء كوها
        مكتبة القاهرة الكبرى مكتبة القاهرة الكبرى 03/26/2014   330.0955\A I 26436 03/26/2014 03/26/2014 كتاب

Powered By

EGPV